1405 1813 1234 1175 1831 1898 1010 1510 1600 1205 1002 1744 1586 1137 1890 1282 1648 1255 1787 1761 1917 1932 1008 1862 1755 1818 1270 1473 1666 1248 1003 1851 1625 1533 1536 1029 1952 1378 1403 1569 1307 1915 1948 1434 1998 1169 1212 1653 1125 1249 1479 1113 1240 1391 1732 1801 1346 1617 1102 1909 1734 1101 1098 1783 1939 1886 1311 1849 1490 1195 1198 1260 1712 1839 1929 1915 1826 1607 1769 1147 1422 1125 1031 1285 1212 1744 1477 1956 1882 1003 1542 1471 1933 1291 1468 1409 1472 1624 1507 BCNSPRNW ULIB Ver.6.0+V

เปลี่ยนเป็นภาษาไทย

Change to English
 แสดงรายละเอียดบรรณานุกรม
  กลับหน้าหลัก

Brief Record : Get Marc (ISO 2709) : E-mail record : QR code < ปิดหน้าต่าง
LEADER : 00000nam 2200000uu 4500
001    13399112001
003     ULIB
008    110719s2552||||th 000 0 tha d
020    6117190063
090    นว.^bอ437จ 2552
100 0   อยุทธ์
245 00  จอมใจแห่งผืนทราย/^cอยุทธ์
250     พิมพ์ครั้งที่ 1
260     กรุงเทพฯ :^bอินเลิฟ,^c2552
300     235 หน้า
945    ^p179^l0^i026034
995     เกษร
999     ^aใช้งานได้ทุกระบบ
รายการนี้ยังไม่มีแท็ก
คุณยังไม่ได้ล็อกอิน คุณสามารถมีกิจกรรมร่วมกับเว็บไซต์ได้ แต่ต้องล็อกอินก่อน ::
  ล็อกอิน

รายการสื่อสารสนเทศ

ลำดับที่ ประเภท เลขเรียก/บาร์โค้ด สถานที่ สถานะ
1. นวนิยาย
นวนิยาย
นว. อ437จ 2552  
  Barcode: 026034
ห้องสมุดวิทยาเขตสวรรค์ประชารักษ์
►นวนิยาย
บนชั้น
  ขอยืม

รายการใกล้เคียง
    ผู้แต่ง [อยุทธ์]

BibComment


ยังไม่เคยถูกคอมเมนท์

คอมเมนท์ทรัพยากรรายการนี้
  คอมเมนท์: จอมใจแห่งผืนทราย..


 Copyright 2026. Bcnsprnw @Library